000 00856nam a22003014a 4500
001 55055724
003 OSt
005 20150408113722.0
008 040427s2005 paua b 001 0 eng
010 _a2004009911
020 _a0781757673 (hardcover alk. paper)
035 _a.b58354657
040 _aDNLM/DLC
_cDLC
_dNLM
_dCOU
_dOS2
042 _apcc
049 _aOS2A00
050 _aRT84.5
_b.M45 200500
060 _a2004 I-12710
060 _aWY 86
_bM519t 200500
082 _a610.73/01
_2221
100 _aMeleis, Afaf Ibrahim.10
_96228
245 _aTheoretical nursing
_bdevelopment and progress /
_cAfaf Ibrahim Meleis.
_a.
260 _bLippincott Williams & Wilkins,
_cc2005.
_axx
300 _bill. ;
_c25 cm.
_aIncl
504 _aIntr
505 _aNurs
650 _xPhilosophy.\\
_anursing
_96229
942 _2ddc
_cBOOK
999 _c668
_d235168